A arguiȯ̂ de ilegalidade na arbitragem investidor-estado

Detalles Bibliográficos
Autor principal: Freitas da Silva, Ana Rachel
Formato: eBook
Lenguaje:portugués
Publicado: Rio de Janeiro: Editora Processo, 2019
Materias:
Acceso en línea:Acceso restringido

MARC

LEADER 00000nam a22000007a 4500
005 2022071409429.0
007 cr|||| ||||
008 220714s2019 br |||||s|||| 00||0 por d
020 |a 978-85-93741-55-5 
035 |a 36713 
040 |a vLex 
090 |c 13564  |d 13564 
100 1 |a Freitas da Silva, Ana Rachel 
245 1 1 |a A arguiȯ̂ de ilegalidade na arbitragem investidor-estado  |h [Recurso electrn̤ico] /  |c Ana Rachel Freitas da Silva 
256 |a Servicio en ln̕ea 
260 |a Rio de Janeiro:  |b Editora Processo,  |c 2019 
300 |a 1 recurso electrn̤ico 
500 |a O requerimento de legalidade em tratados de investimentos permite excluir da competn̊cia do tribunal arbitral os investimentos realizados em desacordo com as leis do pas̕ anfitriô. Contudo, o argumento nô ̌aceito quando o requerimento de legalidade nô ̌explc̕ito ou quando as ilegalidades sô posteriores ao estabelecimento do investimento. Apresenta-se, como alternativa, um modelo compreensivo para anl̀ise das ilegalidades, baseado na doutrina das môs limpas e construd̕o a partir de conceitos usados em decise̳s arbitrais. A doutrina das môs limpas afirma-se como um princp̕io geral de direito, aplicv̀el ̉arbitragem investidor-Estado. A arguiȯ̂ de ilegalidade baseada nas môs limpas independe da existn̊cia de requerimento de legalidade e possibilita o exame de ilegalidades cometidas no estabelecimento e na performance do investimento, desde que verificada a relaȯ̂ entre as supostas ilegalidades do investidor e as violaė̳s ao tratado imputadas ao Estado. Essa abordagem tambm̌ admite diferentes resultados: inadmissibilidade da demanda, rejeiȯ̂ do pleito no mřito, reduȯ̂ do montante compensatr̤io e desconsideraȯ̂ da ilegalidade. 
506 1 |a Disponible solo en los productos indicados  |d vLex Global  |d vLex Global (Academic Edition, excluding Law Schools)  |d vLex Global (U.S. Academic Edition, Law Schools)  |d vLex Global (U.S. Academic Edition, excluding Law Schools)  |d vLex Global (Academic Edition, Law Schools) 
650 0 4 |a Arbitraje  |z Brasil 
740 0 |a vLex Libros (Servicio en ln̕ea) 
856 4 0 |u https://app.vlex.com/#/sources/36713  |z Acceso restringido 
942 |c BOOK 
999 0 |a Arbitration